000 00311nam a2200133 i 4500
001 bg
100 1 _aHolland, W.
245 0 _aDie Nomenklatur in der Organischen Chemie /
_cW. Holland.
260 _aLipsk,
_c1969.
040 _cBPK
041 _apol
942 _cKS
008 s pl f |000 0 pol
999 _c8572
_d8572
856 _uhttp://koha.tu.koszalin.pl/cgi-bin/koha/opac-detail.pl?biblionumber=8572
_yKatalog online BPK